|
|
|
|
| LEADER |
00000nam a22000007i 4500 |
| 001 |
IT\ICCU\LI3\0008788 |
| 003 |
ItRI |
| 005 |
20250721113410.0 |
| 008 |
160411s2005 it |||||| ||||| |||||c |
| 020 |
|
|
|a 8804548819
|
| 040 |
|
|
|b ita
|c ct
|
| 041 |
|
7 |
|a ita
|2 ISO-639-2
|
| 100 |
1 |
|
|a Pasolini, Pier Paolo
|0 IT\ICCU\CFIV\001068
|4 aut
|
| 245 |
1 |
0 |
|a Petrolio /
|c Pier Paolo Pasolini ; a cura di Silvia De Laude ; con una nota filologica di Aurelio Roncaglia.
|
| 260 |
|
|
|a Milano :
|b Mondadori,
|c 2005
|
| 300 |
|
|
|a VII, 655 p. ;
|c 20 cm
|
| 942 |
|
|
|2 ddc
|c BK
|
| 952 |
|
|
|0 0
|1 0
|2 ddc
|4 0
|6 B_LNR02PASPIPET11
|7 0
|9 7102
|a MI
|b MI
|d 2009-09-21
|i 5686
|l 0
|o B-LNR02-PASPI-PET11
|p CDOM5686
|r 2025-07-13 16:28:30
|w 2025-07-13
|x DONO
|y BK
|
| 981 |
|
1 |
|6 z01
|a i
|b xxxe
|
| 982 |
|
1 |
|6 z01
|a n
|
| 999 |
|
|
|c 5805
|d 5805
|